000 00565nam a2200193Ia 4500
999 _c1884
_d1884
003 OSt
005 20200922131818.0
008 190216s9999||||xx |||||||||||||| ||und||
020 _a9780716710073
040 _coclc
082 _a580
_bRAV/B
100 _aRaven, Peter H
_94806
245 0 _aBiology Of Plants /
_cPeter H Raven ; Ray F Evert ; Susan E Eichhorn
250 _a7th Ed.
260 _bW.H. Freeman And Company Publishers,
_c2004.
_aNew York:
300 _a728p
650 _aBotany
942 _cBK
_2ddc
_h580
_iRAV/B
_k580
_mRAV/B